Manual del emigrante italiano
Saved in:
| Hovedforfatter: | |
|---|---|
| Format: | Bog |
| Sprog: | spansk |
| Udgivet: |
Buenos Aires
Centro Editor de América Latina
1983
|
| Serier: | Historia Testimonial Argentina, 8
|
| Fag: | |
| Tags: |
Tilføj Tag
Ingen Tags, Vær først til at tagge denne postø!
|
MARC
| LEADER | 00000nam a2200000 a 4500 | ||
|---|---|---|---|
| 001 | UCO3093 | ||
| 003 | CL-VaPUC | ||
| 008 | 000714e19830000AG |||||||||||||||||spa|d | ||
| 082 | 0 | 4 | |a 913.061 |b ARM |2 21 |
| 100 | 0 | |a Armus, Diego |e author |9 446948 | |
| 245 | 1 | 0 | |a Manual del emigrante italiano |
| 300 | |a 92 p | ||
| 942 | |c BK | ||
| 945 | |d 20000714 00:00:00 |a rherrera | ||
| 260 | |a Buenos Aires |b Centro Editor de América Latina |c 1983 | ||
| 650 | 7 | |a HISTORIA DE ARGENTINA 1913 |2 CL-VaPUC |9 446949 | |
| 650 | 0 | |a Inmigrantes |9 317882 | |
| 650 | 7 | |a ITALIANOS |2 CL-VaPUC |9 446950 | |
| 650 | 0 | |a Manuales |9 257144 | |
| 651 | 0 | |a Argentina |9 254888 | |
| 583 | |a last modification |c 20120830 11:02:07 |k Rodrigo Vera | ||
| 490 | 0 | |a Historia Testimonial Argentina, 8 | |
| 999 | |c 289563 |d 289561 | ||
| 952 | |0 0 |1 0 |4 0 |6 913_061000000000000_ARM_1983 |7 0 |8 A |9 338118 |a BIBHIS |b BIBHIS |d 2019-11-20 |i 128987K |o 913.061 ARM 1983 |p 128987K |r 2025-01-20 |w 2019-11-20 |y BK |k HIS | ||